Τα άστρα
Αποθηκεύτηκε σε:
| Συγγραφή απο Οργανισμό/Αρχή: | |
|---|---|
| Μορφή: | Βιβλίο |
| Γλώσσα: | Greek English |
| Δημοσίευση: |
Αθήνα :
Κ.Καπόπουλος ; Time-Life Books,
[19--]
|
| Σειρά: | Ταξίδι στο σύμπαν ;
; 3 |
| Θέματα: | |
| Ετικέτες: |
Προσθήκη ετικέτας
Δεν υπάρχουν, Καταχωρήστε ετικέτα πρώτοι!
|
MARC
| LEADER | 00000nam a2200000 i 4500 | ||
|---|---|---|---|
| 001 | 1/40385 | ||
| 008 | 950214s gre d | ||
| 035 | |a 1995 |l 10041242 | ||
| 040 | |a GR-MY-UA |b gre |e aacr | ||
| 041 | 0 | |a gre |h eng | |
| 082 | 0 | |a 523.8 | |
| 110 | 2 | |a Time-Life Books. | |
| 245 | 1 | 3 | |a Τα άστρα / |c [by the editors of Time-Life Books] |
| 260 | |a Αθήνα : |b Κ.Καπόπουλος ; Time-Life Books, |c [19--] | ||
| 300 | |a 144 σ.; |b εικ.; |c 29 εκ. | ||
| 490 | 1 | |a Ταξίδι στο σύμπαν |v ; 3 | |
| 504 | |a Περιλαμβάνει ευρετήριο | ||
| 650 | 0 | 0 | |a Stars. |
| 830 | 0 | |a Ταξίδι στο σύμπαν ; |v ; 3 | |
| 852 | |a INST |b SAMOS |e 19950214 |h 523.8 ΑΣΤ |p 005300006249 |q 005300006249 |t BK |y 0 | ||
| 909 | |a Σ |b 035557 | ||